滋賀県の駅名一覧 - Statistics

General Stats
  • This quiz has been taken 161 times
  • The average score is 70 of 126
Answer Stats
Hint Answer % Correct
A-29 大津
100%
A-12 | CA-83 | OR-01 米原
97%
A-19 | OR-21 近江八幡
95%
| A-24 草津
95%
A-13 | OR-04 彦根
94%
A-21 野洲
94%
A-27 石山
94%
A-28 膳所
94%
A-09 長浜
92%
A-25 南草津
92%
A-22 守山
90%
B-29 大津京
89%
A-14 南彦根
87%
A-17 能登川
87%
B-14 近江今津
86%
A-18 安土
84%
A-23 栗東
84%
A-26 瀬田
84%
B-25 堅田
84%
A-03 | B-10 近江塩津
83%
B-12 マキノ
83%
B-27 比叡山坂本
81%
B-19 近江舞子
78%
信楽
76%
B-26 おごと温泉
75%
CA-82 醒ヶ井
75%
OT-12 びわ湖浜大津
75%
OR-15 八日市
75%
| OR-37 貴生川
73%
A-08 虎姫
70%
A-15 河瀬
70%
A-20 篠原
70%
A-04 余呉
68%
A-16 稲枝
68%
B-16 安曇川
68%
甲賀
68%
CA-81 近江長岡
68%
A-05 木ノ本
67%
A-11 坂田
67%
OT-03 京阪石山
67%
A-10 田村
65%
B-11 永原
65%
B-17 近江高島
65%
OT-09 京阪膳所
65%
OR-09 多賀大社前
65%
B-23 和邇
63%
A-06 高月
62%
OR-08 スクリーン
62%
OT-01 石山寺
59%
B-21 志賀
57%
CA-80 柏原
57%
手原
54%
B-28 唐崎
52%
OR-02 フジテック前
52%
OR-34 水口
52%
A-07 河毛
51%
B-13 近江中庄
51%
B-15 新旭
51%
B-24 小野
51%
甲西
51%
B-18 北小松
49%
B-22 蓬莱
49%
石部
49%
甲南
48%
OT-07 膳所本町
46%
OR-32 日野
46%
B-20 比良
44%
OT-15 京阪大津京
44%
OR-05 ひこね芹川
44%
油日
43%
OT-21 坂本比叡山口
43%
OR-11 豊郷
43%
OR-12 愛知川
43%
OR-36 水口城南
43%
三雲
41%
紫香楽宮跡
41%
OT-14 大津市役所前
40%
OT-16 近江神宮前
40%
OT-34 大谷
40%
OR-07 高宮
40%
OR-16 新八日市
40%
OT-02 唐橋前
37%
OT-13 三井寺
37%
OR-28 京セラ前
37%
OT-19 穴太
35%
OR-13 五箇荘
35%
OT-17 南滋賀
33%
OR-06 彦根口
33%
OT-18 滋賀里
32%
寺庄
29%
OT-08
29%
OT-10 石場
29%
OT-33 追分
29%
OR-17 太郎坊宮前
29%
OT-05 瓦ヶ浜
27%
OT-06 中ノ庄
27%
OT-11 島ノ関
27%
OR-03 鳥居本
27%
OR-10 尼子
27%
OR-29 桜川
27%
OT-20 松ノ馬場
25%
OT-35 上栄町
25%
OR-20 武佐
25%
OT-04 粟津
24%
OR-27 大学前
24%
OR-33 水口松尾
24%
OR-14 河辺の森
22%
OR-35 水口石橋
22%
OR-31 朝日野
21%
勅旨
21%
OR-19 平田
19%
OR-26 長谷野
17%
OR-30 朝日大塚
17%
雲井
17%
OR-18 市辺
16%
玉桂寺前
13%
No matching quizzes found
Score Distribution
Percent of People with Each Score
Percentile by Number Answered
Your Score History
You have not taken this quiz